02418cam a22004574i 4500003000900000005001700009008004100026020001500067035002700082040003300109049000900142082002000151100002700171245009500198264004500293300003800338336002100376337002500397338002300422505083000445526001001275526001001285526001001295526001001305526000801315526000801323526000801331526000801339526000801347526000801355526000801363541001701371650002401388942001401412949013301426994001401559596000601573999015801579980005501737952016801792PE-LiUPU20250731173318.0150625s2004 flu r 000 0 spa d a0829744134 a(Sirsi) i9780829744132 aPE-LiUPUbspacPE-LiUPUerda aPRUA04a241.66bH282211 aHayford, Jack,eautor.10aAtracción Fatal :bpor qué el pecado sexual es peor que otros pecados /cJack Hayford. 1aMiami, Florida :bEditorial Vida,c2004. a157 páginas ;c21 centímetros atext2rdacontent aunmediated2rdamedia avolume2rdacarrier0 a¿Podemos hablar? -- Los pecados sexuales corrompen la raíz de la identidad individual -- Los pecados sexuales se aprovechan de las emociones más profundas -- Los pecados sexuales contaminan la fuente de la creatividad -- Los pecados sexuales producen culpa que desgastan la confianza y la autoridad -- Los pecados sexuales comprometen la relación humana más íntima: el matrimonio -- Los pecados sexuales nos exponen al riesgo de concebir a un ser humano desvalido -- Los pecados sexuales aumentan la probabilidad de propagación de enfermedades -- Los pecados sexuales despiertan apetitos que provocan más comportamientos inmorales. --Los pecados sexuales resquebrajan la confianza en toso el cuerpo de Cristo -- Los pecados sexuales son una afrenta al señorio de Jesucristo -- Hay esperanza para el mañana. aSEG42 aSEG41 aSEG40 aSEG39 aP94 aP87 aP86 aP85 aP77 aP76 aP35 g001-0000164;14aSexoxCristianismo. 2ddccBOOK a241.66 H28wDEWEYc1i56717lCCODEBUL1mBULp8.00r0sYtBOOKu2015-6-25xTEOLOGIAzUNKNOWN0COMPRAo.STAFF. Colección General aC0bPEPRU a1 a241.66 H28wDEWEYc45870i56717f2021-11-11g5lCCODEBUL1mBULp8.00r0sYtBOOKu2015-6-25xTEOLOGIAPP350COMPRAo.STAFF. Colección Teologíad45870 81gALBERTO SANCHEZ Responsable de Automatización r2025-12-03 00:00:00i6l0o241.66 H28p56717te1v13.00w2015-06-25xFTyBKzinventario-2023-12-13102ddc50708GENfP35aBULbBULcGENd2015-06-25eCOMPRAg8.00